000 00895cam a2200277 i 4500
001 2519
003 BD-RjUL
005 20211208233554.0
008 131211s1980 ohua b 001 0 eng
020 _a0538081406
035 _a(BD-RjUL)2546
040 _aDLC
_cDLC
_dDLC
_dBD-RjUL
_beng
041 _aeng
082 0 0 _a339
_216
_bAMP 1980
100 1 _aAmacher, Ryan C.
_98150
245 1 0 _aPrinciples of macro-economics /
_cRyan C. Amacher, Richard James Sweeney ; consulting editor, Lloyd M. Valentine.
260 _aCincinnati :
_bSouth-Western Pub. Co.,
_cc1980.
300 _axiv, 481 p. :
_bill. ;
_c23 cm.
504 _aIncludes bibliographies and index.
650 0 _aMacroeconomics.
_98151
700 1 _aSweeney, Richard J.
_q(Richard James),
_d1944-
_ejoint author.
_98152
700 1 _aValentine, Lloyd M.
_98153
942 _2ddc
_cBK
999 _c2519
_d2519